|
|
|
|
| LEADER |
01144nam a2200241 a 4500 |
| 001 |
2992372 |
| 008 |
091230s1992 bg b 000 0 eng d |
| 010 |
|
|
|a 92900617
|
| 020 |
|
|
|c Tk250.00 ($20.00 U.S.)
|
| 040 |
|
|
|a DLC
|c DLC
|d DLC
|d BD-DhAAL
|
| 082 |
0 |
0 |
|a 305.42/095492
|2 20
|
| 100 |
1 |
|
|a Khan, Zarina Rahman.
|
| 245 |
1 |
0 |
|a Women, work and values :
|b contradictions in the prevailing notions and the realities of women's lives in rural Bangladesh /
|c Zarina Rahman Khan.
|
| 260 |
|
|
|a Dhaka :
|b Centre for Social Studies :
|b Distributors, Dana Publishers,
|c 1992.
|
| 300 |
|
|
|a 210 p. ;
|c 23 cm.
|
| 504 |
|
|
|a Includes bibliographical references (p. 202-210).
|
| 541 |
1 |
|
|e 00004822
|
| 650 |
|
0 |
|a Rural women
|z Bangladesh
|x Social conditions
|x Case studies.
|
| 650 |
|
0 |
|a Rural women
|x Employment
|z Bangladesh
|x Case studies.
|
| 650 |
|
0 |
|a Women in rural development
|z Bangladesh
|x Case studies.
|
| 852 |
4 |
|
|a Ayesha Abed Library
|j General Shelf.
|
| 999 |
|
|
|c 6565
|d 6565
|
| 952 |
|
|
|0 0
|1 0
|2 ddc
|4 0
|6 305_420954920000000_KHA_1992
|7 0
|9 6677
|a BRACUL
|b BRACUL
|c GEN
|d 2009-12-31
|g 250.00
|l 2
|m 14
|o 305.42095492 KHA
|p 3010004822
|r 2025-06-17
|s 2025-04-10
|t 1
|v 500.00
|w 2009-12-31
|y BK
|